Science Quiz

Random Science or Animal Quiz

Living, extinct or fictional animal? (Hard edition) Quiz Stats

 Plays Quiz not verified by Sporcle

Score 0/50 Timer 08:00
0 Plays Today
% Correct
Living
87.5%
Living
86.3%
Living
85.6%
Extinct
79.7%
Living
79.6%
Living
78.7%
Living
73.3%
Living
73.3%
Fictional
72%
Living
70%
Extinct
69.2%
Living
68.3%
Extinct
68.1%
Fictional
68%
Fictional
67.5%
Living
63.4%
Extinct
63.3%
Fictional
62.3%
Living
61.2%
Extinct
59.8%
Fictional
57.3%
Extinct
55.7%
Extinct
55.2%
Living
52.9%
Extinct
52.1%
% Correct
Extinct
50.2%
Living
49.3%
Extinct
49.2%
Living
49%
Extinct
48.3%
Living
46.5%
Fictional
44.6%
Living
44.5%
Extinct
44.3%
Living
43%
Fictional
42.9%
Extinct
42.9%
Extinct
42.6%
Extinct
41.4%
Living
41.4%
Living
41.3%
Fictional
39.4%
Extinct
38.8%
Extinct
37.3%
Fictional
36.9%
Extinct
36.7%
Fictional
29.4%
Extinct
28.9%
Living
27.3%
Extinct
19.1%

You're not logged in!

Compare scores with friends on all Sporcle quizzes.
OR
Log In

Sporcle TV

Today on Sporcle TV


Watch our educational content, quiz creation guides, and fun videos on Sporcle TV.

Show Comments

Extras

Top Quizzes Today


Score Distribution

Your Account Isn't Verified!

In order to create a playlist on Sporcle, you need to verify the email address you used during registration. Go to your Sporcle Settings to finish the process.

Report this User

Report this user for behavior that violates our Community Guidelines.

Details: